Ak sa Cyprus zjednotí, vstúpi do EÚ celý ostrov
Stručná geograficko-ekonomická charakteristika Cypru. Zložité historické vzťahy na ostrove. Príjmy z cestovného ruchu. Program fiškálnej konsolidácie. Snaha Cypru o vstup do EÚ.
Guardado en:
| Formato: | Capítulo de libro |
|---|---|
| Lenguaje: | eslovaco |
| Materias: | |
| Etiquetas: |
Sin Etiquetas, Sea el primero en etiquetar este registro!
|
MARC
| LEADER | 00000naa$a2200000$$$4500 | ||
|---|---|---|---|
| 001 | 0002498 | ||
| 005 | 20230925124121.6 | ||
| 041 | 0 | |a slo | |
| 044 | |a SK | ||
| 245 | 1 | 0 | |a Ak sa Cyprus zjednotí, vstúpi do EÚ celý ostrov |
| 520 | |a Stručná geograficko-ekonomická charakteristika Cypru. Zložité historické vzťahy na ostrove. Príjmy z cestovného ruchu. Program fiškálnej konsolidácie. Snaha Cypru o vstup do EÚ. | ||
| 610 | 2 | 0 | |a vývoj hospodársky |
| 610 | 2 | 0 | |a situácia hospodárska |
| 610 | 2 | 0 | |a história |
| 610 | 2 | 0 | |a geografia |
| 610 | 2 | 0 | |a Cyprus |
| 610 | 2 | 0 | |a politika fiškálna |
| 610 | 2 | 0 | |a ruch cestovný |
| 610 | 2 | 0 | |a deficit rozpočtový |